ქართული ენისა და წერა-კითხვის თვითმასწავლებელი: ინგლისურის მცოდნეთათვის, სერია II (Record no. 2122)

000 -LEADER
fixed length control field 01476nam a22002057a 4500
003 - CONTROL NUMBER IDENTIFIER
control field OSt
005 - DATE AND TIME OF LATEST TRANSACTION
control field 20210311064704.0
008 - FIXED-LENGTH DATA ELEMENTS--GENERAL INFORMATION
fixed length control field 210311s1972 ||||| |||| 00| 0 geo d
040 ## - CATALOGING SOURCE
Original cataloging agency eng
Language of cataloging eng
Transcribing agency DLC
041 ## - LANGUAGE CODE
Language code of text/sound track or separate title geo
-- eng
080 ## - UNIVERSAL DECIMAL CLASSIFICATION NUMBER
Universal Decimal Classification number 811.353.1
Item number K-81
100 ## - MAIN ENTRY--PERSONAL NAME
9 (RLIN) 1353
Personal name Kraveishvili, M. / კრავეიშვილი, მ.
245 ## - TITLE STATEMENT
Title ქართული ენისა და წერა-კითხვის თვითმასწავლებელი: ინგლისურის მცოდნეთათვის, სერია II
Remainder of title : Georgian Language and Writing-Reading Self-Learning Guide: For English Speakers, Series II
Statement of responsibility, etc. / by: უცხოეთში მცხოვრებ თანამემულეებთან კულტურული კავშირის საქართველოს საზოგადოება / Georgia's Cultural Society of Abroad Living Georgians
260 ## - PUBLICATION, DISTRIBUTION, ETC.
Place of publication, distribution, etc. თბილისი / Tbilisi
Name of publisher, distributor, etc. უცხოეთში მცხოვრებ თანამემულეებთან კულტურული კავშირის საქართველოს საზოგადოება / Georgia's Cultural Society of Abroad Living Georgians
Date of publication, distribution, etc. 1972
300 ## - PHYSICAL DESCRIPTION
Extent 239 p.
650 #0 - SUBJECT ADDED ENTRY--TOPICAL TERM
9 (RLIN) 225
Topical term or geographic name entry element Georgian Language
653 ## - INDEX TERM--UNCONTROLLED
Uncontrolled term ქართული ენა
700 ## - ADDED ENTRY--PERSONAL NAME
9 (RLIN) 1354
Personal name Nakhutsrishvili, G. / ნახუცრიშვილი, გ.
942 ## - ADDED ENTRY ELEMENTS (KOHA)
Source of classification or shelving scheme
Koha item type Books
Holdings
Withdrawn status Lost status Source of classification or shelving scheme Damaged status Not for loan Permanent location Current location Date acquired Inventory number Total Checkouts Full call number Barcode Date last seen Price effective from Koha item type
          Ken Walker International University Ken Walker International University 03/11/2021 1577   811.353.1 K-81 1577 03/11/2021 03/11/2021 Books

Powered by Koha